000 01485cam a2200349 a 4500
008
020 _a1559370009 (hbk.)
049 _aMAIN
090 _aREF TK9
245 0 0 _aIEEE standard dictionary of electrical and electronics terms /
_cFrank Jay, editor in chief ; J.A. Goetz, chairman, Standards Coordinating Committee on Definitions (SCC 10) ; membership, Ashcroft, D.L. ... [et. al].
250 _a4th ed.
260 _aNew York, NY :
_bInstitute of Electrical and Electronics Engineers,
_cc1988.
300 _a1270 p. :
_bill. ;
_c27 cm.
500 _a"Defines 24,793 technical words from every area of electrical, electronics, and computer engineering"--Jacket.
500 _a"Plus a unique feature--over 15,000 acronyms defined"--Jacket.
500 _a"ANSI/IEEE Std 100-1988."
650 0 _aElectric engineering
_xDictionaries.
650 0 _aElectronics
_xDictionaries.
650 0 _aComputer engineering
_xDictionaries.
650 0 _aElectric engineering
_xAcronyms.
650 0 _aElectronics
_xAcronyms.
650 0 _aComputer engineering
_xAcronyms.
700 1 _aJay, Frank.
700 1 _aGoetz, J. A.
710 2 _aInstitute of Electrical and Electronics Engineers.
_bStandards Coordinating Committee on Definitions.
710 2 _aAmerican National Standards Institute.
907 _a.b10072640
_b24-01-07
_c17-04-03
003
005 20230120191409.0
040 _cNUST
942 _cBOOKS
_kREF TK9
999 _c100385
_d100385